| 000 | 00580nam a2200205 a 4500 | ||
|---|---|---|---|
| 001 | 56663 | ||
| 003 | BD-RjUL | ||
| 005 | 20211209080424.0 | ||
| 008 | 161203s1991 ii ||||| |||| 00| 0 eng d | ||
| 035 | _a(BD-RjUL)56787 | ||
| 040 |
_aBD-RjUL _beng _cBD-RjUL _dBD-RjUL |
||
| 041 | _aeng | ||
| 082 |
_223 _a111.85 _bCHG 1991 |
||
| 100 |
_a Chakrabarti, Mohit. _9168528 |
||
| 245 |
_aGandhian aesthetics / _cMohit Chakrabarti. |
||
| 260 |
_aNew Delhi : _bAtlantic Publishers & Distributors, _cc 1991. |
||
| 300 |
_a134 p. ; _c20 cm. |
||
| 650 |
_aAesthetics. _9124124 |
||
| 942 |
_2ddc _cBK |
||
| 999 |
_c56663 _d56663 |
||